U.S States With the Letter K - Statistics

General Stats
  • This quiz has been taken 143 times
  • The average score is 8 of 9
Answer Stats
U.S States % Correct
Kansas
97%
Kentucky
97%
Arkansas
92%
New York
89%
Alaska
87%
North Dakota
86%
South Dakota
86%
Nebraska
80%
Oklahoma
78%
No matching quizzes found
Score Distribution
Percent of People with Each Score
Percentile by Number Answered
Your Score History
You have not taken this quiz